000 00450nam a2200169 a 4500
001 28312
005 20180713231154.0
008 140415s1998 mx 000 0 spa d
020 _a9806168607
041 _aspa
082 _a657
_bCAT
100 1 _aCATACORA, FERNANDO
245 1 0 _aCONTABILIDAD LA BASE PARA LAS DESICIONES GERENCIALES
250 _a1a ed.
260 _aMEXICO :
_bMC GRAW HILL,
_c1998
650 1 4 _aCONTABILIDAD
999 _c28312
_d28312